000 00665nam a2200229 a 4500
999 _c5845
_d5845
001 5845
003 BD-JhCC
005 20171228122711.0
008 171228s2014 bg |||| ||a| 000 0 ben d
020 _a9789848789650
035 _a(BD-JhCC)5845
040 _aBD-JhCC
_dBD-JhCC
041 _aben
082 _a891.4435
_bTOW 2014
100 _aতৌহিদ, নাজনীন
245 _aশাল পিয়ালের বনে /
_cনাজনীন তৌহিদ
260 _aঢাকা :
_bচয়ন প্রকাশন,
_c2014.
300 _a54 p. :
_c22 cm.
650 _aShort Stories, Bengali
942 _2ddc
_cBK